Maths - Squares of 2 Digit Numbers - Statistics

General Stats
  • This quiz has been taken 806 times
    269 since last reset
  • The average score is 22 of 81
Answer Stats
x % Correct
14 196
64%
11 121
61%
12 144
57%
15 225
57%
13 169
54%
16 256
43%
25 625
43%
22 484
36%
32 1024
32%
36 1296
32%
17 289
32%
64 4096
32%
21 441
32%
24 576
32%
81 6561
32%
29 841
32%
92 8464
32%
95 9025
32%
37 1369
29%
41 1681
29%
42 1764
29%
18 324
29%
19 361
29%
67 4489
29%
23 529
29%
27 729
29%
87 7569
29%
91 8281
29%
98 9604
29%
33 1089
25%
35 1225
25%
45 2025
25%
46 2116
25%
47 2209
25%
48 2304
25%
49 2401
25%
53 2809
25%
54 2916
25%
55 3025
25%
57 3249
25%
61 3721
25%
65 4225
25%
69 4761
25%
71 5041
25%
74 5476
25%
83 6889
25%
93 8649
25%
99 9801
25%
34 1156
21%
43 1849
21%
44 1936
21%
51 2601
21%
52 2704
21%
56 3136
21%
59 3481
21%
68 4624
21%
75 5625
21%
76 5776
21%
78 6084
21%
79 6241
21%
82 6724
21%
26 676
21%
88 7744
21%
28 784
21%
94 8836
21%
96 9216
21%
97 9409
21%
31 961
21%
38 1444
18%
39 1521
18%
58 3364
18%
62 3844
18%
63 3969
18%
66 4356
18%
73 5329
18%
84 7056
18%
85 7225
18%
86 7396
18%
89 7921
18%
77 5929
14%
72 5184
11%
No matching quizzes found
Score Distribution
Percent of People with Each Score
Percentile by Number Answered
Your Score History
You have not taken this quiz since the last reset